Návrh simulátora na báze hexapodu za účelom simulácie jazdnej dynamiky v oblasti automotive

Na minha lista:
Detalhes bibliográficos
Autor principal: Junas, Martin (Author)
Outros Autores: Gašparík, Marek (Thesis advisor)
Formato: Manuscrito Livro
Idioma:eslovaco
Publicado em: 2023
Assuntos:
Acesso em linha:http://is.stuba.sk/zp/portal_zp.pl?podrobnosti=179141
Tags: Adicionar Tag
Sem tags, seja o primeiro a adicionar uma tag!

MARC

LEADER 00000ntm a22000003a 4500
001 stuzp94762
003 SK-STU
005 20230909223109.5
007 ta
008 150427s2015----xo-----f-mn---000-0-slo-d
040 |a STU  |b slo 
041 0 |a slo 
100 1 |a Junas, Martin  |u 020010  |4 aut  |U SjF Strojnícka fakulta  |T SjF Ústav aplikovanej mechaniky a mechatroniky  |X 110704  |U J0010  |Y 801  |7 110704 
242 0 1 |a Design of an automotive hexapod simulator utilised for drive dynamics simulation tests  |y eng 
245 1 0 |a Návrh simulátora na báze hexapodu za účelom simulácie jazdnej dynamiky v oblasti automotive 
260 |c 2023 
650 4 |a hexapod  |2 slo 
650 4 |a kinematická analýza  |2 slo 
650 4 |a Raspberry  |2 slo 
650 4 |a kinematic analysis  |2 eng 
650 4 |a hexapod  |2 eng 
650 4 |a Raspberry  |2 eng 
700 1 |a Gašparík, Marek  |u 020010  |k Z1  |4 ths  |U SjF Strojnícka fakulta  |T SjF Ústav aplikovanej mechaniky a mechatroniky  |X 68106  |U J0010  |Y 801  |7 A000068106 
856 4 |u http://is.stuba.sk/zp/portal_zp.pl?podrobnosti=179141